00673nam a22001937a 4500999001900000005001700019010001500036020002600051035001400077037001300091082000800104100002200112245006500134260002700199270008000226300003300306942002200339952011800361 c187676d18767620220427145520.0 aENG-132425 a9788171921485c675.00 aEN-115957 bDBAD/PUB a880 aWanjari, Priya D. aAmrita Pritam:bHer Poetry and Literature/cPriya D. Wanjari aNagpurbDATTSONSc2020 aJawaharlal Nehru Marg Sadar, e440001bNagpurmdattsonspublishers@gmail.com avii, 101p.bIndexc23cm(hbk) 2ddccENh880mWAN 001040708NFICaBNbBNd2022-04-27eDBAD/PUBg675.00l0o880 WANpEN-115957r2022-04-27 00:00:00t1v675.00yEN